| 000 | 00483nam a2200169 a 4500 | ||
|---|---|---|---|
| 001 | 3163 | ||
| 003 | CDMR | ||
| 005 | 20130321164957.0 | ||
| 008 | 130130s1999||||||||||||||||||||||||||||d | ||
| 020 | _a8474264138 | ||
| 040 |
_aCDMR _bcat _cCDMR |
||
| 100 | 1 |
_aGiordano, Eduardo _9988 |
|
| 245 | 1 | 0 |
_aPolíticas de televisión _b: la configuración del mercado audiovisual _cEduardo Giordano y Carlos |
| 260 |
_aBarcelona _c1999 _bIcaria |
||
| 490 | 0 |
_aIcaria antrazyt _v135 |
|
| 942 |
_cMON _2udc |
||
| 999 |
_c3163 _d3163 |
||